Every Song Off Of Freudian By Daniel Caesar - Statistics

General Stats
  • This quiz has been taken 6 times
  • The average score is 8 of 10
Answer Stats
Answer % Correct
Blessed
100%
Freudian
100%
Transform (feat. Charlotte Day Wilson)
100%
Best Part (feat. H.E.R.)
80%
Get You (feat. Kali Uchis)
80%
Hold Me Down
80%
Loose
80%
We Find Love
80%
Neu Roses (Transgressor's Song)
60%
Take Me Away (feat. Syd)
40%
No matching quizzes found
Score Distribution
Percent of People with Each Score
Percentile by Number Answered
Your Score History
You have not taken this quiz